| 000 | 00928nam a2200265 a 4500 | ||
|---|---|---|---|
| 008 | |||
| 020 | _a9780821384572 (pbk.) | ||
| 049 | _aMAIN | ||
| 090 |
_aHD4465.A35 _bAFR |
||
| 100 | _aMorella, Elvira. | ||
| 245 | 1 | 0 |
_aAfrica's water and sanitation infrastructure : _b access, affordability, and alternatives / _cedited by Sudeshna Ghosh Banerjee and Elvira Morella. |
| 260 |
_aWashington, DC : _bThe International Bank for Reconstruction and development/The World Bank, _c2011. |
||
| 300 |
_axxix, 386 p. : _bill. ; _c24 cm. |
||
| 500 | _aIncludes Index. | ||
| 504 | _aIncludes bibliographic references. | ||
| 650 | _aSewage disposal. | ||
| 650 | _aSanitation. | ||
| 650 | 1 | _aWater utilities. | |
| 700 | _aBanerjee, Sudeshna Ghosh. | ||
| 907 |
_a.b10388254 _b25-01-18 _c24-01-18 |
||
| 003 | |||
| 005 | 20230123141059.0 | ||
| 040 | _cNUST | ||
| 942 |
_cBOOKS _kHD4465.A35 _mAFR |
||
| 999 |
_c167318 _d167318 |
||